Welcome to CU Library Online Public Access Catalogue (OPAC)

HISTORICAL HANDBOOK OF MAJOR BIBLICAL INTERPRETERS (Record no. 7173)

MARC details
000 -LEADER
fixed length control field 00373nam a22001337a 4500
005 - DATE AND TIME OF LATEST TRANSACTION
control field 20250725133231.0
008 - FIXED-LENGTH DATA ELEMENTS--GENERAL INFORMATION
fixed length control field 250725b |||||||| |||| 00| 0 eng d
020 ## - INTERNATIONAL STANDARD BOOK NUMBER
International Standard Book Number 9780830814527
050 ## - LIBRARY OF CONGRESS CALL NUMBER
Classification number REF BS501
Item number .A1 HIS
245 ## - TITLE STATEMENT
Title HISTORICAL HANDBOOK OF MAJOR BIBLICAL INTERPRETERS
260 ## - PUBLICATION, DISTRIBUTION, ETC.
Place of publication, distribution, etc. LEICESTER
Name of publisher, distributor, etc. INTERVARSITY PRESS
Date of publication, distribution, etc. c1998
300 ## - PHYSICAL DESCRIPTION
Extent xix, 643p
942 ## - ADDED ENTRY ELEMENTS (KOHA)
Source of classification or shelving scheme Library of Congress Classification
Koha item type Books
Suppress in OPAC No
999 ## -
-- 7173
-- 7173
Holdings
Withdrawn status Lost status Source of classification or shelving scheme Damaged status Not for loan Collection Home library Current library Shelving location Date acquired Total checkouts Barcode Date last seen Copy number Price effective from Koha item type
    Library of Congress Classification     Non-fiction Undergraduate Library (Christ Temple) Undergraduate Library (Christ Temple) General stacks 07/25/2025   ulct00004172 07/25/2025 1 07/25/2025 Books
© 2023-2024 Copyright: Central University Libraries. All Rights Reserved | Created by: Mahone Tech Office